000 00508nam a2200181 i 4500
001 76939
003 ES-MaACL
005 20230906173028.0
007 t|
008 041006s1968 sp ||||1| spa d
100 1 _aGunther, John.
_960962
245 1 0 _aLíderes del siglo XX /
_cJohn Gunther ; [versión por Mireia Bofill].
250 _a[1ª ed.].
260 _aBarcelona :
_bGrijalbo,
_c1968.
300 _a540 p. ;
_c22 cm.
700 1 _aBofill, Mireia.
_929779
852 _aES-MaACL
_jC-34618
_bR.67041
999 _c76939
_d76939